| 000 | 00860cam a2200277 i 4500 | ||
|---|---|---|---|
| 942 | _cBK | ||
| 999 |
_c694 _d694 |
||
| 001 | 18999922 | ||
| 003 | OSt | ||
| 005 | 20250420134821.0 | ||
| 008 | 160303s2017 enka 001 0 eng | ||
| 010 | _a 2016003538 | ||
| 020 | _a9781138923782 (pbk.) | ||
| 040 |
_aDLC _beng _cKCST _erda _dDLC |
||
| 050 | 0 | 0 |
_aHB615 _b.E453 2017 |
| 082 | 0 | 0 |
_a658.11 _223 _bRe Ef |
| 100 | 1 |
_aRead, Stuart, _e[author] _95355 |
|
| 245 | 1 | 0 |
_aEffectual entrepreneurship / _cStuart Read, Saras Sarasvathy, Nick Dew and Robert Wiltbank. |
| 250 | _aSecond edition. | ||
| 260 | 1 |
_aLondon ; _bRoutledge/Taylor & Francis Group, _c2017. |
|
| 300 |
_axii, 312 pages : _bcolor illustrations ; _c28 cm |
||
| 500 | _aIncludes index. | ||
| 650 | 0 |
_aEntrepreneurship. _9574 |
|
| 650 | 0 |
_aNew business enterprises. _91399 |
|
| 650 | 0 |
_aSuccess in business. _9573 |
|
| 942 | _2ddc | ||